000
00303nam a2200133Ia 4500
008
150201s2009 xx 000 0 und d
082
_a
616.07
_b
P09C
100
_a
CHATTERJEE,KD
245
_a
PARSIOTOGY
250
_a
13TH
260
_b
CBS
_a
DELHI
_c
2009
650
_a
MICROBIOLOGY
942
_2
ddc
_c
BK
_0
15
999
_c
1109
_d
1109